| 000 | 00867nam a2200277 a 4500 | ||
|---|---|---|---|
| 001 | 59556 | ||
| 003 | BD-RjUL | ||
| 005 | 20211209080738.0 | ||
| 008 | 161226t19721967nyua b 001 0 eng | ||
| 020 | _a0801491274 | ||
| 035 | _a(BD-RjUL)59680 | ||
| 040 |
_aDLC _cDLC _dDLC _dBD-RjUL _beng |
||
| 041 | 1 | _aengjpn | |
| 082 | 0 | 0 |
_a303.0952 _223 _bFUJ 1972 |
| 100 | 1 |
_aFukutake, Tadashi, _d1917- _9177145 |
|
| 245 | 1 | 0 |
_aJapanese rural society / _cTadashi Fukutake ; Translated by R. P. Dore. |
| 260 |
_aIthaca : _bCornell University Press, _cc1967 [Printing 1972] |
||
| 300 |
_axiv, 230 p. : _bill. ; _c22 cm. |
||
| 490 | 0 | _aCornell paperbacks | |
| 504 | _aIncludes bibliographies. | ||
| 650 | 0 |
_aVillages _zJapan. _9177146 |
|
| 651 | 0 |
_aJapan _xRural conditions. _9177147 |
|
| 700 |
_aDore, R. P. _9179570 |
||
| 830 |
_aCornell paperbacks _9179571 |
||
| 942 |
_2ddc _cBK |
||
| 999 |
_c59556 _d59556 |
||